000 00556nam a22001817a 4500
999 _c183714
_d183714
005 20220103125659.0
010 _aENG-130857
020 _a978-93-90555-33-8
_c869.00
035 _aEN-114389
037 _bDBAD
082 _a530.15
100 _aSharma, B.M.
245 _aMechanics I for Jee (Advanced):
_cB.M. Sharma
260 _aDelhi
_bCengage Learning India Pvt. Ltd.
_c2017
270 _bDelhi
_e110091
_aT-303, 3rd Floor DAV Complex, Plot 3, Mayur Vihar Phase 1
300 _a860p
_c28cm(pbk)
942 _2ddc
_cEN
_h530.15
_mSHA